00259nam a2200109Ia 4500008004100000100001800041245003000059250000800089260002600097300000800123650001800131191201s2000 xx 000 0 und d aRERE, Stephen 0aImprove Your Study Skills a1st aN.DelhibUBSPD,c2000 a149 aGeneral Books